OSCILLATION OF HIGHER ORDER NEUTRAL FUNCTIONAL DIFFERENCE EQUATIONS WITH POSITIVE AND NEGATIVE COEFFICIENTS

Bibliographic Details
Main Authors: Rath, R. N. (Author), Barik, B. L. S. (Author), Rath, S. K. (Author)
Format: Article
Language:English

MARC

LEADER 00000nab a2200000uu 4500
001 vtls011450838
003 SK-MaSNL
005 20260304013258.0
008 230222|2010 xo |||||||||||||||||eng|
015 |a SNBRB 
035 |a (urnnbn)urn:nbn:sk:snk:ar-006k3t 
035 |a (uuid)88e17ec0-6c27-4693-9c0d-fdf208618fc9 
035 |a urn:nbn:sk:snk-abcmxp 
040 |a SNKBUCL  |b slo  |c SNKBUCL  |e AACR2 
041 0 |a eng 
044 |a xo  |c SK 
100 1 |a Rath, R. N.  |4 aut  |9 1255833 
245 1 0 |a OSCILLATION OF HIGHER ORDER NEUTRAL FUNCTIONAL DIFFERENCE EQUATIONS WITH POSITIVE AND NEGATIVE COEFFICIENTS  |c R. N. Rath, B. L. S. Barik, S. K. Rath 
700 1 |a Barik, B. L. S.  |4 aut  |9 1294058 
700 1 |a Rath, S. K.  |4 aut  |9 1294059 
773 0 |t Mathematica Slovaca  |g Roč. 60, č. 3 (2010), s. [361]-384 
958 |a OND 
958 |a EUIPO 
958 |a article16 
999 |c 2575160  |d 2577090